<?xml version="1.0" encoding="UTF-8"?>
<record
    xmlns:xsi="http://www.w3.org/2001/XMLSchema-instance"
    xsi:schemaLocation="http://www.loc.gov/MARC21/slim http://www.loc.gov/standards/marcxml/schema/MARC21slim.xsd"
    xmlns="http://www.loc.gov/MARC21/slim">

  <leader>01267nam2a22002531  4500</leader>
  <controlfield tag="001">rc\570289</controlfield>
  <controlfield tag="005">20250621231202.0</controlfield>
  <datafield tag="010" ind1=" " ind2=" ">
    <subfield code="a">985-401-022-8</subfield>
    <subfield code="9">10000</subfield>
  </datafield>
  <datafield tag="035" ind1=" " ind2=" ">
    <subfield code="a">(NLR Aleph) 005970576</subfield>
  </datafield>
  <datafield tag="090" ind1=" " ind2=" ">
    <subfield code="a">6931458</subfield>
    <subfield code="c">6931458</subfield>
  </datafield>
  <datafield tag="100" ind1=" " ind2=" ">
    <subfield code="a">20031121d1994    |||y0rusy50      ca</subfield>
  </datafield>
  <datafield tag="101" ind1="0" ind2=" ">
    <subfield code="a">rus</subfield>
  </datafield>
  <datafield tag="102" ind1=" " ind2=" ">
    <subfield code="a">RU</subfield>
  </datafield>
  <datafield tag="105" ind1=" " ind2=" ">
    <subfield code="a">a   |||||||||</subfield>
  </datafield>
  <datafield tag="200" ind1="1" ind2=" ">
    <subfield code="a">&#x41C;&#x43E;&#x43D;&#x430;&#x441;&#x442;&#x44B;&#x440;&#x44C;</subfield>
    <subfield code="e">[&#x420;&#x43E;&#x43C;&#x430;&#x43D;</subfield>
    <subfield code="f">&#x41F;&#x435;&#x440;. &#x441; &#x430;&#x43D;&#x433;&#x43B;. &#x41C;.&#x410;. &#x41A;&#x43E;&#x43B;&#x43F;&#x430;&#x43A;&#x447;&#x438;, &#x412;.&#x414;. &#x41C;&#x435;&#x442;&#x430;&#x43B;&#x44C;&#x43D;&#x438;&#x43A;&#x43E;&#x432;&#x430;</subfield>
    <subfield code="g">&#x420;&#x435;&#x434;. &#x43F;&#x435;&#x440;. &#x411;.&#x410;. &#x418;&#x43B;&#x44C;&#x438;&#x448;&#x430;</subfield>
    <subfield code="g">&#x41A;&#x43E;&#x43C;&#x43C;&#x435;&#x43D;&#x442;. &#x411;.&#x413;. &#x420;&#x435;&#x438;&#x437;&#x43E;&#x432;&#x430;, &#x413;.&#x410;. &#x410;&#x444;&#x430;&#x43D;&#x430;&#x441;&#x44C;&#x435;&#x432;&#x430;]</subfield>
  </datafield>
  <datafield tag="210" ind1=" " ind2=" ">
    <subfield code="d">1994</subfield>
    <subfield code="a">&#x411;. &#x43C;.</subfield>
  </datafield>
  <datafield tag="215" ind1=" " ind2=" ">
    <subfield code="a">489 &#x441;.</subfield>
    <subfield code="c">&#x438;&#x43B;.</subfield>
  </datafield>
  <datafield tag="461" ind1=" " ind2="0">
    <subfield code="1">001rc\570280</subfield>
    <subfield code="1">2001#$a&#x421;&#x43E;&#x431;&#x440;&#x430;&#x43D;&#x438;&#x435; &#x441;&#x43E;&#x447;&#x438;&#x43D;&#x435;&#x43D;&#x438;&#x439;$e&#x412; 20 &#x442;.$e[&#x41F;&#x435;&#x440;. &#x441; &#x430;&#x43D;&#x433;&#x43B;.]$f&#x412;&#x430;&#x43B;&#x44C;&#x442;&#x435;&#x440; &#x421;&#x43A;&#x43E;&#x442;&#x442;$g[&#x412;&#x441;&#x442;&#x443;&#x43F;. &#x441;&#x442;. &#x411;. &#x420;&#x435;&#x438;&#x437;&#x43E;&#x432;&#x430;: &#x441;. 5-44$g&#x41A;&#x43E;&#x43C;&#x43C;&#x435;&#x43D;&#x442;. &#x410;. &#x41B;&#x435;&#x432;&#x438;&#x43D;&#x442;&#x43E;&#x43D;&#x430;]$v&#x422;. 9</subfield>
    <subfield code="1">700#1$a&#x421;&#x43A;&#x43E;&#x442;&#x442;$b&#x412;.$g&#x412;&#x430;&#x43B;&#x44C;&#x442;&#x435;&#x440;$f1771-1832$3RU\NLR\AUTH\772398</subfield>
    <subfield code="9">6931374</subfield>
    <subfield code="a">&#x421;&#x43A;&#x43E;&#x442;&#x442;, &#x412;. (1771-1832)</subfield>
    <subfield code="c">&#x41C;.</subfield>
    <subfield code="d">1997-</subfield>
    <subfield code="f">&#x412;&#x430;&#x43B;&#x44C;&#x442;&#x435;&#x440; &#x421;&#x43A;&#x43E;&#x442;&#x442;</subfield>
    <subfield code="n">&#x418;&#x437;&#x434;. &#x446;&#x435;&#x43D;&#x442;&#x440; "&#x422;&#x435;&#x440;&#x440;&#x430;"</subfield>
    <subfield code="o">&#x412; 20 &#x442;. : [&#x41F;&#x435;&#x440;. &#x441; &#x430;&#x43D;&#x433;&#x43B;.]</subfield>
    <subfield code="t">&#x421;&#x43E;&#x431;&#x440;&#x430;&#x43D;&#x438;&#x435; &#x441;&#x43E;&#x447;&#x438;&#x43D;&#x435;&#x43D;&#x438;&#x439;</subfield>
    <subfield code="y">5300012807</subfield>
    <subfield code="v">&#x422;. 9</subfield>
  </datafield>
  <datafield tag="801" ind1=" " ind2="0">
    <subfield code="a">RU</subfield>
    <subfield code="b">NLR</subfield>
    <subfield code="g">psbo</subfield>
  </datafield>
  <datafield tag="801" ind1=" " ind2="1">
    <subfield code="a">RU</subfield>
    <subfield code="b">ELAR</subfield>
    <subfield code="2">rusmarc</subfield>
  </datafield>
  <datafield tag="852" ind1=" " ind2=" ">
    <subfield code="a">NLR</subfield>
    <subfield code="j">95-3/6790</subfield>
  </datafield>
  <datafield tag="942" ind1=" " ind2=" ">
    <subfield code="c">BOOK</subfield>
  </datafield>
  <datafield tag="980" ind1=" " ind2=" ">
    <subfield code="a">NB</subfield>
  </datafield>
  <datafield tag="995" ind1=" " ind2=" ">
    <subfield code="5">2013-10-26</subfield>
    <subfield code="b">NLR01</subfield>
    <subfield code="c">NLR01</subfield>
    <subfield code="e">RF8</subfield>
    <subfield code="f">5970576-10</subfield>
    <subfield code="k">95-3/6790</subfield>
    <subfield code="o">0</subfield>
    <subfield code="r">BOOK</subfield>
    <subfield code="s">9536790_</subfield>
  </datafield>
</record>
